000 01087nam a2200229Ii 4500
003 JO-AjNU
005 20240113115645.0
008 230605s9999||||xx |||||||||||||| ||und||
040 _aJO-AjNU
_bara
_erda
_cJO-AjNU
041 _aara
050 1 4 _aBP492.K89 2009
100 3 _aالكويت، وزارة الأوقاف والشؤون الإسلامية، قطاع الإفتاء والبحوث الشرعية ,
_eauthor
_943633
245 0 0 _aمجموعة الفتاوى الشرعية الصادرة عن قطاع الإفتاء والبحوث الشرعية، وزراة الأوقاف والشؤون الإسلامية، الكويت، الجزء 8
250 _aط2
264 3 1 _aالكويت. وزارة الأوقاف والشؤون الإسلامية، 2009
300 _aج8، 488ص
336 _atext
_btxt
_2rdacontent
337 _aunmediated
_bn
_2rdamedia
338 _avolume
_bnc
_2rdacarrier
650 4 _aالفتاوى الشرعية -- أسئلة وأجوبة -- الفتاوى الشرعية -- فهارس -- الفقه الإسلامي
_943634
942 _2lcc
_cREF
999 _c22340
_d22340